| 000 | 00587nam a2200229 i 4500 | ||
|---|---|---|---|
| 001 | bg | ||
| 245 | 0 | _aKodeks handlowy. | |
| 250 | _aStan prawny na dzień 1 lipca 1996 r. | ||
| 260 |
_aWarszawa : _bDom Wydawniczy ABC, _c1996. |
||
| 300 |
_a160 s. ; _c21 cm. |
||
| 490 | 1 | _aKodeksy | |
| 504 | _aPełny skorowidz rzeczowy. | ||
| 650 | 9 |
_aPrawo handlowe _zPolska _ystan na 1996 r. |
|
| 830 | _aKodeksy | ||
| 020 | _a8385148787 | ||
| 040 | _cBPK | ||
| 041 | 0 | _apl | |
| 080 | _a347.7(438) | ||
| 920 | _a83-85148-78-7 | ||
| 942 | _cKS | ||
| 008 | s pl f |000 0 pol | ||
| 999 |
_c31267 _d31267 |
||
| 856 |
_uhttp://koha.tu.koszalin.pl/cgi-bin/koha/opac-detail.pl?biblionumber=31267 _yKatalog online BPK |
||